OLEXÁK, Peter: SCRIPTURA LATINA LIBRARIA

Bibliographic Details
Main Author: Šedivý, Juraj, 1971- (Author)
Format: Article
Language:Slovak

MARC

LEADER 00000nab a2200000uu 4500
001 vtls010877558
003 SK-MaSNL
005 20260303145133.0
008 230222|2010 xo |||||||||||||||||slo|
015 |a SNBRB 
035 |a (urnnbn)urn:nbn:sk:snk:ar-005srf 
035 |a (uuid)770adc48-5fa5-47d9-a4ce-8cc6296db5a0 
035 |a urn:nbn:sk:snk-ab7ly5 
040 |a SNKBUCL  |b slo  |c SNKBUCL  |e AACR2 
041 0 |a slo 
044 |a xo  |c SK 
100 1 |a Šedivý, Juraj,  |d 1971-  |4 aut  |9 207989 
245 1 0 |a OLEXÁK, Peter: SCRIPTURA LATINA LIBRARIA  |c Juraj Šedivý 
773 0 |t Slovenská archivistika  |g Roč. 45, č. 2 (2010), s. 112-116 
954 |a odborná, vedecká literatúra pôvodná (slovenská)  |2 lita 
958 |a OND 
958 |a EUIPO 
958 |a article8 
999 |c 2000782  |d 2002712